Podporují podnikání již od starověku. Zvláštní hospodářské oblasti.

Charakteristika činností, ktoré sú zahrnuté do pojmu zvláštne hospodárske oblasti (slobodná zóna). V slobodných zónach štát obmedzuje svoje regulačné hospodárske funkcie a poskytuje prednostné práva. Patria medzi najstaršie prvky hospodárskeho vývoja ľudstva. V súčasnosti v 85 krajinách sveta existu...

Descrizione completa

Salvato in:
Dettagli Bibliografici
Autore principale: Parušev, L.
Natura: Capitolo di libro
Lingua:ceco
Soggetti:
Tags: Aggiungi Tag
Nessun Tag, puoi essere il primo ad aggiungerne!!

MARC

LEADER 00000naa a2200000 4500
001 r004113
005 20221125081419.8
041 0 |a cze 
044 |a [CS] 
245 1 0 |a Podporují podnikání již od starověku. Zvláštní hospodářské oblasti.  |c L. Parušev 
520 |a Charakteristika činností, ktoré sú zahrnuté do pojmu zvláštne hospodárske oblasti (slobodná zóna). V slobodných zónach štát obmedzuje svoje regulačné hospodárske funkcie a poskytuje prednostné práva. Patria medzi najstaršie prvky hospodárskeho vývoja ľudstva. V súčasnosti v 85 krajinách sveta existuje 3000 slobodných zón, v ktorých pracuje viac ako 3 mil. ľudí. Výhody slobodných zón. 
610 2 0 |a oblasti obchodu voľného 
610 2 0 |a podnikanie 
610 2 0 |a zamestnanosť 
610 2 0 |a rozvoj hospodársky 
100 1 |a Parušev, L.